Statistics for Groups of Four

Click here to take the quiz!

General Stats

  • This quiz has been taken 377 times
    (35 since last reset)
  • The average score is 14 of 16

Answer Stats

GroupAnswer% Correct
BeatlesJohn Lennon
97%
Assassinated PresidentsJohn F. Kennedy
94%
John
94%
Ringo Starr
91%
Abraham Lincoln
91%
Paul McCartney
88%
Constituent Countries of The UKEngland
88%
Scotland
88%
Wales
88%
Northern Ireland
88%
George Harrison
85%
Luke
82%
Four GospelsMatthew
79%
Mark
79%
William McKinley
70%
James Garfield
64%

Score Distribution

Percentile by Number Answered

Percent of People with Each Score

Your Score History

You have not taken this quiz since the last reset